MARC details
| 000 -CABECERA |
| campo de control de longitud fija |
01285nam a2200181 a 4500 |
| 003 - IDENTIFICADOR DEL NÚMERO DE CONTROL |
| campo de control |
MX-MxUPN |
| 005 - FECHA Y HORA DE LA ÚLTIMA TRANSACCIÓN |
| campo de control |
20260325155337.0 |
| 007 - CAMPO FIJO DE DESCRIPCIÓN FÍSICA--INFORMACIÓN GENERAL |
| campo de control de longitud fija |
ta |
| 008 - DATOS DE LONGITUD FIJA--INFORMACIÓN GENERAL |
| campo de control de longitud fija |
260325s1983 mx|oc||| |||f100 s spa d |
| 040 ## - FUENTE DE CATALOGACIÓN |
| Agencia de catalogación original |
MX-MxUPN |
| Idioma de catalogación |
spa |
| 111 ## - ASIENTO PRINCIPAL--NOMBRE DE REUNION |
| Nombre de reunión o de jurisdicción como elemento de entrada |
Diálogo universitario |
| Lugar de la reunión |
San Luis Potosí, S.L.P. |
| Fecha de la reunión |
1983 |
| 9 (RLIN) |
59175 |
| 245 10 - MENCIÓN DE TÍTULO |
| Título |
Diálogo universitario |
| 260 ## - PUBLICACION, DISTRIBUCION, ETC. (PIE DE IMPRENTA) |
| Lugar de publicación, distribución, etc. |
México : |
| Nombre del editor, distribuidor, etc. |
Presidencia de la República : Dirección General de Comunicación Social, |
| Fecha de publicación, distribución, etc. |
1983 |
| 300 ## - DESCRIPCIÓN FÍSICA |
| Extensión |
45 páginas |
| 505 ## - NOTA DE CONTENIDO CON FORMATO PREESTABLECIDO |
| Título |
Sr. José Antonio Villanueva. Presidente de la Federación Universitaria Potosina / |
| Mención de responsabilidad |
José Antonio Villanueva.-- |
| Título |
Sr. Sotero Rivera Espinosa. Secretario General de la Unión Sindical de la Universidad Autónoma de San Luis Potosí / |
| Mención de responsabilidad |
Sotero Rivera Espinosa.-- |
| Título |
Ing. Francisco Xavier Salazar. Secretario General de la Unión de Asociaciones del Personal Académico y Coordinador Nacional de Asociaciones y Sindicatos de Personal Académico Universitario / |
| Mención de responsabilidad |
Francisco Xavier Salazar.-- |
| Título |
Lic. Guillermo Delgado Robles. Rector de la Universidad Autónoma de San Luis Potosí / |
| Mención de responsabilidad |
Guillermo Delgado Robles.-- |
| Título |
Lic. Miguel de la Madrid. Presidente Constitucional de los Estados Unidos Mexicanos / |
| Mención de responsabilidad |
Miguel de la Madrid. |
| 650 #0 - ASIENTO SECUNDARIO DE MATERIA - TERMINO TEMÁTICO |
| Término temático o nombre geográfico como elemento de entrada |
Universidades y colegios |
| Subdivisión de forma |
Planes y programas |
| 9 (RLIN) |
9046 |
| 942 ## - ELEMENTOS DE PUNTO DE ACCESO ADICIONAL (KOHA) |
| Fuente del sistema de clasificación o colocación |
Library of Congress Classification |
| Tipo de ítem Koha |
Folleto |